Higher Engineering Mathematics / (Record no. 566)

000 -LEADER
fixed length control field 00652nam a2200241 a 4500
008 - FIXED-LENGTH DATA ELEMENTS--GENERAL INFORMATION
fixed length control field 190918s2012 ii ||||g |||| 001 0 eng d
020 ## - INTERNATIONAL STANDARD BOOK NUMBER
International Standard Book Number 9788174091955
Terms of availability Rs 450.00
040 ## - CATALOGING SOURCE
Original cataloging agency IMU Kochi Library
Language of cataloging eng
041 0# - LANGUAGE CODE
Language code of text/sound track or separate title eng
044 ## - COUNTRY OF PUBLISHING/PRODUCING ENTITY CODE
MARC country code India
082 04 - DEWEY DECIMAL CLASSIFICATION NUMBER
Edition number 23
Classification number 510.2462
Item number G8693
100 1# - MAIN ENTRY--PERSONAL NAME
Personal name Grewal, B. S
245 10 - TITLE STATEMENT
Title Higher Engineering Mathematics /
250 ## - EDITION STATEMENT
Edition statement 42nd ed.
260 ## - PUBLICATION, DISTRIBUTION, ETC. (IMPRINT)
Place of publication, distribution, etc New Delhi :
Name of publisher, distributor, etc Khanna Publishers,
Date of publication, distribution, etc 2012
300 ## - PHYSICAL DESCRIPTION
Extent xi, 1312 p. ;
Dimensions 27.5 cm.
650 #0 - SUBJECT ADDED ENTRY--TOPICAL TERM
Topical term or geographic name as entry element Mathematical analysis
Form subdivision Textbooks
650 #0 - SUBJECT ADDED ENTRY--TOPICAL TERM
Topical term or geographic name as entry element Mathematics
Form subdivision Textbooks
700 1# - ADDED ENTRY--PERSONAL NAME
Personal name Grewal, J. S.
Relator term Joint Author
852 ## - LOCATION/CALL NUMBER
Location IMU Kochi Library
904 ## - LOCAL DATA ELEMENT D, LDD (RLIN)
CATALOGER Shine Joy
942 ## - ADDED ENTRY ELEMENTS (KOHA)
Item type Books
Holdings
Withdrawn status Lost status Source of classification or shelving scheme Damaged status Not for loan Collection code Permanent location Current location Shelving location Date acquired Source of acquisition Cost, normal purchase price Total Checkouts Full call number Barcode Date last seen Date last borrowed Koha item type Public note Total Renewals
          Mathematics IMU Kochi Library IMU Kochi Library General Stacks 2012-11-02 Sterling Book House (Inv. No. 1539 Dt 2012-11-10) 450.00 9 510.2462 G8693 BK000501 2024-02-05 2024-02-05 Books Gen. Shelf-7, Row-4  
          Mathematics IMU Kochi Library IMU Kochi Library General Stacks 2011-04-26 EPD (Inv. No. IN9 Dt 2011-04-26) 360.00 19 510.2462 G8693 BK000028 2024-05-16 2024-05-16 Books Gen. Shelf-7, Row-4 1


Copyright © All Rights Reserved by Indian Maritime University, Kochi Campus.
For any Suggestions/Query Contact to library or Email: library.kochi@imu.ac.in Ph:(0484)-2989402
(Web OPAC Designed by Rudra Ranjan. Maintained by IMU Kochi Library)

Powered by Koha